Statystyki dla polski rap/trap/hip-hop 2022 (do 13 czerwca)

Kliknij tutaj aby rozwiązać quiz!

Ogólne statystyki

  • Ten quiz został rozwiązany 405 razy
  • Średni wynik to 24 z 46

Statystyki odpowiedzi

utworraper/raperka% Poprawnych
jeżyk!oki
99%
bedoesiarabedoes
97%
patoprohibicjamata
96%
kokieterkaoliwka brazil
92%
zosiabiałas
91%
18white 2115
89%
Złote Tarasymr.polska
87%
trójkat bermudzkisentino
85%
rok tygrysayoung leosia
84%
TRYB SAMOLOTOWYjan-rapowanie
79%
200 osób w kawalercekinny zimmer
79%
BWMreto
78%
Huragankizo
76%
narcyzchivas
73%
refren troche jak Lana Del Reyquebonafide
73%
WIĘCEJ DYMU2115
72%
PIĄTEK WIECZÓRjacuś
67%
GIGACHADmasny ben
62%
dresmiszel
59%
córka mi zmarłakuki
57%
wwa melanżotsochodzi
57%
golemszpaku
55%
Piękny Światgibbs
53%
Self Mademalik montana
51%
toxic babysmolasty
51%
NA FORACHrusina
49%
CudnownaAlberto
45%
IDOLjanusz walczuk
43%
ZEMSTA DZIKUSAlanek
34%
samwaima
34%
NOCĄ PT.1fukaj
32%
batmankukon
29%
profesorpaluch
29%
Warsaw Viceavi
26%
jan pawełpezet
26%
ŻYCIA SCHEMATjapczan
23%
na 100wac toja
23%
szlugiqry
21%
jadę w terenborixon
18%
promilszczyl
17%
PA2AŁSTATEDE
16%
Złe autorytetyPlanBe
14%
ZOOMDeys
10%
Wychodzę naprzeciwbonus
9%
Pop Itmoli
9%
MAMAKronkel Dom
6%

Rozkład punktacji

Percentyl według liczby udzielonych odpowiedzi

Procent ludzi z każdym wynikiem

Twoja historia wyników

Nie rozwiązałeś tego quizu